Представление документа в формате MARC21

ПолеНазваниеЗначение
  Тип записи a
  Библиографический уровень m
001 Контрольный номер RU/URAIT/600298
005 Дата корректировки 20260429163653.7
008 Кодируемые данные 260429s2026 RU y f j 000 0 rus u
020 Индекс ISBN __
a ISBN 978-5-534-11241-2
c Цена, тираж 489.00
040 Источник каталогиз. __
a Служба первич. каталог. ИКО Юрайт
c Служба, преобразующая запись ИКО Юрайт
e Правила каталог. RCR
041 Код языка издания __
a Код языка текста rus
044 Код страны публикации __
a Код страны публикации RU
080 Индекс УДК __
a Индекс УДК 355
084 Индекс другой классификации/Индекс ББК __
2 Источник индекса rubbk
a Индекс другой классификации/Индекс ББК 68
100 Автор __
a Автор Керсновский А. А.
q Полное имя Керсновский Антон Антонович
245 Заглавие __
a Заглавие Философия войны
b Продолж. заглавия - служебная - для во и спо
c Ответственность А. А. Керсновский.
256 Характеристики компьютерного файла __
a Характеристики компьютерного файла Электрон. дан.
260 Выходные данные __
a Место издания Москва
b Издательство Юрайт
c Дата издания 2026
300 Физическое описание __
a Объем 105 с
440 Серия __
a Серия Антология мысли
500 Примечания __
a Примечание URL: https://urait.ru/bcode/600298 (дата обращения: 29.04.2026).
520 Аннотация __
a Аннотация Представленный труд отечественного мыслителя А. А. Керсновского, бывшего монархистом по убеждению и воевавшего в Добровольческой Армии во время Гражданской войны, рассматривает множество аспектов как ведения войны, так и устройства армии, но особое внимание уделяется духовно-нравственной стороне, морали солдат и личным качествам командиров. Параллельно проводится анализ тактических ошибок командиров Белой армии. Для обучающихся по историческому направлению, преподавателей и всех интересующихся.
538 Прим. о системных особенностях __
a Прим. о системных особенностях Режим доступа: Электронно-библиотечная система Юрайт, для авториз. пользователей
653 Ключевые слова __
a Ключевые слова Философия
653 Ключевые слова __
a Ключевые слова Общественные науки
653 Ключевые слова __
a Ключевые слова Конфликтология
653 Ключевые слова __
a Ключевые слова Общая конфликтология
653 Ключевые слова __
a Ключевые слова Социология конфликта
653 Ключевые слова __
a Ключевые слова Введение в конфликтологию
653 Ключевые слова __
a Ключевые слова Основы конфликтологии
653 Ключевые слова __
a Ключевые слова Философия войны
856 Электронный адрес документа 40
n Местонахождение сервера Юрайт
g Электронная книга
q Тип электронного формата html
h Имя пользователя ЮРАЙТ
v Часы доступа к ресурсу 20271231
2 Способ доступа Показать документ
x Служебное примечание https://urait.ru/book/cover/B3E3ED68-59C0-47EB-8F3B-9C47CB0DA8DA
u URL https://urait.ru/bcode/600298
856 Электронный адрес документа 48
q Тип электронного формата cover
u URL https://urait.ru/book/cover/B3E3ED68-59C0-47EB-8F3B-9C47CB0DA8DA
911 __
u 0030=https://urait.ru/bcode/600298
911 __
u 073a=9785534112412
u 073d=489.00
911 __
u 106a=s
911 __
u 900l=
952 Тип литературы __
i Дисциплина Конфликтология
952 Тип литературы __
i Дисциплина Общая конфликтология
952 Тип литературы __
i Дисциплина Социология конфликта
952 Тип литературы __
i Дисциплина Введение в конфликтологию
952 Тип литературы __
i Дисциплина Основы конфликтологии
952 Тип литературы __
i Дисциплина Философия войны